| 000 | 00733cac a2200253 a 4500 | ||
|---|---|---|---|
| 003 | Co-PeBPM | ||
| 005 | 20250728114258.0 | ||
| 008 | 231129e1986||||ck a||||||||||||| ||spa|| | ||
| 020 | _a9682313619 | ||
| 040 |
_aCo-PeBPM _bspa _cCo-PeBPM _erda |
||
| 041 | _aspa | ||
| 082 | 0 | 4 |
_a510 C698h _222 |
| 100 | 1 | 0 |
_aCollette, Jean-Paul _eautor |
| 245 | 1 | 0 |
_aHistoria de las matemáticas _c/ Jean Paul Collete |
| 250 | _aPrimera Edición | ||
| 260 |
_aMéxico _b: Siglo Veintiuno _c, 1986 |
||
| 300 |
_a607 páginas _c; 20 centímetros |
||
| 500 | _aIncluye índice. | ||
| 504 | _aIncluye bibliografía. | ||
| 650 | 1 | 4 |
_aHistoria de las matemáticas _2LEMB |
| 650 | 1 | 4 |
_aCiencia _2LEMB |
| 650 | 1 | 4 |
_aTécnica _2LEMB |
| 942 |
_2ddc _cBK |
||
| 999 |
_c15194 _d15194 |
||